NBA Players That Went to Duke - Sudden Death - Statistics

General Stats
  • This quiz has been taken 246 times
    245 since last reset
  • The average score is 11 of 17
Answers on the Grid
Answers color-coded by a green-red scale on the quiz's grid according to % correct below.
Austin Rivers
Brad Daugherty
Brandon Ingram
Brandon Miller
Carlos Boozer
Carmelo Anthony
Chris Paul
Christian Laettner
Damian Lillard
Derrick Lively II
Elton Brand
George Gervin
Grant Hill
Grayson Allen
Jalen Brunson
Jalen Johnson
Jayson Tatum
JJ Redick
Joel Embiid
Kevin Durant
Keyonte George
Kyrie Irving
Michael Jordan
Paolo Banchero
Patrick Ewing
RJ Barrett
Rodney Hood
Seth Curry
Shaquille O'Neal
Stephen Curry
Tim Duncan
Vince Carter
Zion Williamson
 
Answer Stats
Answer % Correct
Zion Williamson
80%
Jayson Tatum
79%
Kyrie Irving
79%
Paolo Banchero
77%
JJ Redick
74%
Carlos Boozer
71%
Grayson Allen
68%
RJ Barrett
68%
Christian Laettner
66%
Grant Hill
66%
Austin Rivers
64%
Derrick Lively II
64%
Brandon Ingram
62%
Seth Curry
52%
Jalen Johnson
49%
Elton Brand
44%
Rodney Hood
31%
No matching quizzes found
Score Distribution
Percent of People with Each Score
Percentile by Number Answered
Your Score History
You have not taken this quiz since the last reset